| 000 | 00000nam 2200000za 4500 |
| 001 | 9.827988 |
| 003 | CaOODSP |
| 005 | 20221107144933 |
| 007 | cr ||||||||||| |
| 008 | 161122s2016 onc o f000 0 eng d |
| 040 | |aCaOODSP|beng |
| 043 | |an-cn--- |
| 086 | 1 |aH113-3/2016-1E-PDF|zH113-3/2016-1E |
| 245 | 00|aGuidelines for the advertising of pest control products |h[electronic resource]. |
| 260 | |aOttawa : |bHealth Canada, Pest Management Regulatory Agency, |c2016. |
| 300 | |a12 p. |
| 490 | 1 |aRegulatory directive, |x1498-5926 ; |vDIR2016-01 |
| 500 | |aIssued also in French under title: Lignes directrices sur la publicité relative aux produits antiparasitaires. |
| 500 | |a“18 November 2016.” |
| 500 | |aTitle from cover. |
| 520 | |a"This document serves to replace DIR96-02, Environmental Label Claims and Advertising of Pest Control Products, and DIR99-02, Advertising Pest Control Products, reflecting current legislation, regulations, and policy developments. It discusses key requirements pertaining to the advertising of pest control products in any form or medium"--Introduction. |
| 692 | 07|2gccst|aPesticides |
| 692 | 07|2gccst|aCertification |
| 692 | 07|2gccst|aApproval processes |
| 710 | 1 |aCanada. |bPest Management Regulatory Agency. |
| 775 | 08|tLignes directrices sur la publicité relative aux produits antiparasitaires |w(CaOODSP)9.827992 |
| 830 | #0|aRegulatory directive,|x1498-5926 ; |vDIR2016-01.|w(CaOODSP)9.504458 |
| 856 | 40|qPDF|s154 KB|uhttps://publications.gc.ca/collections/collection_2016/sc-hc/H113-3-2016-1-eng.pdf |